1133 1956 1366 1728 1066 1250 1549 1042 1850 1240 1959 1770 1262 1226 1231 1738 1648 1028 1145 1701 1135 1798 1180 1819 1534 1912 1847 1471 1074 1509 1059 1671 1942 1721 1457 1299 1373 1277 1937 1584 1154 1963 1177 1110 1130 1557 1867 1898 1928 1895 1039 1977 1290 1967 1349 1698 1045 1503 1094 1473 1232 1414 1258 1906 1930 1571 1994 1382 1801 1510 1899 1653 1869 1166 1769 1187 1671 1099 1914 1115 1807 1813 1233 1083 1544 1184 1802 1387 1993 1633 1193 1763 1422 1793 1869 1178 1593 1475 1185 BCNSPRNW ULIB Ver.6.0+V

เปลี่ยนเป็นภาษาไทย

Change to English
 แสดงรายละเอียดบรรณานุกรม
  กลับหน้าหลัก

Brief Record : Get Marc (ISO 2709) : E-mail record : QR code < ปิดหน้าต่าง
LEADER : 00000nam 2200000uu 4500
001    13399111601
003     ULIB
008    110627s||||||||th 000 0 tha d
020    9786167081571
090    นว.^bบ826ส 2553
100 0  เบลล์ซาซ่า
245 00 เสน่ห์ร้อนลิขิตรัก/^cเบลล์ซาซ่า
250    พิมพ์ครั้งที่ 1
260    กรุงเทพฯ :^bสมาร์ทบุ๊ค,^c2553
300    432 หน้า
945    ^p280^l0^i028038
995    ทศพร
999 ^a ใช้งานได้ทุกระบบ
รายการนี้ยังไม่มีแท็ก
คุณยังไม่ได้ล็อกอิน คุณสามารถมีกิจกรรมร่วมกับเว็บไซต์ได้ แต่ต้องล็อกอินก่อน ::
  ล็อกอิน

รายการสื่อสารสนเทศ

ลำดับที่ ประเภท เลขเรียก/บาร์โค้ด สถานที่ สถานะ
- ไม่พบข้อมูล -

รายการใกล้เคียง
    ผู้แต่ง [เบลล์ซาซ่า]

BibComment


ยังไม่เคยถูกคอมเมนท์

คอมเมนท์ทรัพยากรรายการนี้
  คอมเมนท์: เสน่ห์ร้อนลิขิตรั..


 Copyright 2026. Bcnsprnw @Library